000 00262pab a2200109 454500
008 180718b xxu||||| |||| 00| 0 eng d
100 _aJag Parvesh, Chandra
245 _aDelhi is doomed without metro
650 _aDelhi
773 _aHindustan Times
909 _a22577
999 _c22577
_d22577